000 00574nam a2200193Ia 4500
003 LK-CoDNM
005 20241211090133.0
008 010623t1966 xxu||||| |||| 00| 1 sin d
040 _aLK-CoDNM
_dLK-CoDNM
_eLK-CoDNM
041 _asin
080 _a954.87
_bDOI
100 _aDoili,John
245 _aසිංහලේ ආණ්ඬු කර්මය පිළිබඳ ලුහුඬු සටහන්
246 _aSinhale Andu Kramaya Pilibada Luhudu Satahan
260 _bGunasena
_aColombo
_c1966
300 _b169p. : 21 cm
650 _aHistry
942 _cBK
999 _c107236
_d107236